Statistics for Word Vocabulary - TW

Click here to take the quiz!

General Stats

  • This quiz has been taken 550 times
  • The average score is 13 of 24

Answer Stats

word% Correct
twin
95%
twee
90%
two
90%
twit
82%
twist
80%
tweet
71%
twig
65%
tween
64%
twill
63%
twine
60%
twirl
52%
twas
51%
tweed
50%
twice
49%
twain
48%
twelve
47%
tweak
45%
twitch
37%
twerp
34%
twang
33%
twelfth
25%
twinge
25%
tweeze
22%
twirp
22%

Score Distribution

Percentile by Number Answered

Percent of People with Each Score

Your Score History

You have not taken this quiz